Ensayos sobre ciencia y religión: de Giordano Bruno a Charles Darwin
I tiakina i:
| Kaituhi matua: | |
|---|---|
| Hōputu: | Pukapuka |
| Reo: | Pāniora |
| I whakaputaina: |
Santiago, Chile:
RIL editores,
2011
|
| Putanga: | Primera edición |
| Ngā marau: | |
| Ngā Tūtohu: |
Tāpirihia he Tūtohu
Kāore He Tūtohu, Me noho koe te mea tuatahi ki te tūtohu i tēnei pūkete!
|
MARC
| LEADER | 00000nam a2200000 a 4500 | ||
|---|---|---|---|
| 001 | UCM0355 | ||
| 003 | CL-VaPUC | ||
| 005 | 20240902144227.0 | ||
| 008 | 020125e19990000CL |||||||||||||||||spa|d | ||
| 999 | |c 435588 |d 435586 | ||
| 020 | |a 978-956-284-789-6 | ||
| 040 | |c Pontificia Universidad Católica de Valparaíso | ||
| 082 | 0 | 4 | |a 215 BEN 2011 |2 21 |
| 100 | 0 | |a Benítez, Hermes H |e autor |9 467075 | |
| 245 | 1 | 0 | |a Ensayos sobre ciencia y religión: de Giordano Bruno a Charles Darwin |
| 250 | |a Primera edición | ||
| 260 | |a Santiago, Chile: |b RIL editores, |c 2011 | ||
| 300 | |a 265 páginas | ||
| 500 | |a c1. Donación Biblioteca Curauma. Recibido en GC 19/4/22 | ||
| 583 | |a last modification |c 20020125 00:00:00 |k Catalogador Asistente | ||
| 600 | 0 | |a Bruno, Giordano |2 CL-VaPUC |9 319314 | |
| 600 | 0 | |a Galilei, Galileo |9 264973 | |
| 600 | 0 | |a Descartes, René |e autor |9 265906 | |
| 600 | 0 | |a Darwin Charles |9 398 | |
| 650 | 0 | |a Religión y ciencia |9 314470 | |
| 650 | 0 | |a Filosofía de la religión |9 256017 | |
| 650 | 0 | |a Filosofía de las ciencias |9 256466 | |
| 942 | |c BK |2 ddc | ||
| 945 | |d 20020125 00:00:00 |a crobeson | ||
| 952 | |0 0 |1 0 |2 ddc |4 0 |6 215_000000000000000_BEN_2011 |7 0 |8 A |9 583019 |a BIBCUR |b BIBCUR |c GEN |d 2022-05-12 |e Donación |i 5651177 |o 215 BEN 2011 |p 5651177 |r 2025-04-22 |t 1 |w 2022-05-12 |y BK |k CAC | ||